| Tag |
First Indicator |
Second Indicator |
Subfields |
| LEADER |
00000cam a22000001a 4500 |
| 001 |
in00000762016 |
| 005 |
20151017051440.0 |
| 008 |
700928s1968 nyu b 00010 engm |
| 010 |
|
|
|a 68018783
|
| 035 |
|
|
|a (OCoLC)00365811
|
| 035 |
|
|
|9 ADK6346AM
|
| 040 |
|
|
|a DLC
|c DLC
|d m.c.
|d TXA
|d UtOrBLW
|
| 049 |
|
|
|a TXAM
|c [1815467]
|
| 050 |
0 |
0 |
|a PN2277.M55
|b T946
|
| 082 |
0 |
|
|a 792/.09776/579
|
| 100 |
1 |
|
|a Morison, Bradley G.
|
| 245 |
1 |
0 |
|a In search of an audience :
|b how an audience was found for the Tyrone Guthrie Theatre /
|c Bradley G. Morison and Kay Fliehr ; commissioned by Associated Councils of the Arts ; preface by Sir Tyrone Guthrie.
|
| 264 |
|
1 |
|a New York :
|b Pitman,
|c [1968]
|
| 264 |
|
4 |
|c ©1968
|
| 300 |
|
|
|a xix, 229 pages, 1 unnumbered page ;
|c 24 cm.
|
| 336 |
|
|
|a text
|b txt
|2 rdacontent
|
| 337 |
|
|
|a unmediated
|b n
|2 rdamedia
|
| 338 |
|
|
|a volume
|b nc
|2 rdacarrier
|
| 504 |
|
|
|a Bibliography: page [230].
|
| 610 |
2 |
0 |
|a Tyrone Guthrie Theatre, Minneapolis.
|
| 610 |
2 |
0 |
|a Minnesota Theatre Company.
|
| 650 |
|
0 |
|a Theater audiences.
|
| 700 |
1 |
|
|a Fliehr, Kay.
|
| 710 |
2 |
|
|a Associated Councils of the Arts.
|
| 999 |
|
|
|a MARS
|
| 999 |
f |
f |
|s dbae575d-057d-3f29-9925-949886fdec37
|i d311b38a-4ce3-305d-ab89-a0a164a34c5b
|t 0
|
| 952 |
f |
f |
|p ric
|a Texas A&M University
|b Rellis Campus
|c Joint Library Facility
|d Remote Storage
|t 0
|e PN2277.M55 T946
|h Library of Congress classification
|i unmediated -- volume
|m A14808857995
|
| 998 |
f |
f |
|a PN2277.M55 T946
|t 0
|l Remote Storage
|